El periquillo sarmiento : (Registro nro. 9246)

Detalles MARC
000 -LIDER
fixed length control field 00779nam a22002297a 4500
001 - NÚMERO DE CONTROL
Identificador de número de control 00094
003 - IDENTIFICACDOR DE NÚMERO DE CONTROL
control field DO-SdBNP
005 - DATE AND TIME OF LATEST TRANSACTION
control field 20180201090908.0
007 - CAMPOS FIJOS DE DESCRIPCIÓN FÍSICA
fixed length control field 00094
008 - ELEMENTOS DE LONGITUD FIJA
fixed length control field 160315b mx 2006 ||||| |||| 00| 0 spa d
020 ## - ISBN
International Standard Book Number 9709765
040 ## - FUENTE DE CATALOGACIÓN
Agencia que crea de manera original el registro BPMSU
Idioma de catalogación spa
Agencia que realiza la transcripción BPMSU
092 ## - LOCALLY ASSIGNED DEWEY DECIMAL CALL NUMBER
Número de clasificación xxxxxxxx
Número de ítem (Cutter) xxxxxxxx
100 10 - ASIENTO PRINCIPAL -- NOMBRE PERSONAL
Nombre personal Fernández Lizardi, José Joaquín de,
Fechas asociadas con el nombre 1776-1827
245 13 - MENCIÓN DE TITULO
Título El periquillo sarmiento :
Subtítulo sus extraordinarias venturas y desventuras, contadas por FelipeGarrido
Mención de responsabilidad José Joaquín Fernández de Lizardi ; ilustración Sixto Valencia
260 ## - PUBLICACIÓN, DISTRIBUCIÓN, ETC. (PIE DE IMPRENTA)
Lugar de publicación, distribución, etc México :
Nombre del editor, distribuidor, etc. Secretaría de educación pública,
Fecha de publicación, distribución, etc 2006.
300 ## - DESCRIPCIÓN FÍSICA
Extensión 127 p. :
Otros detalles físicos il.,
Dimensiones 21 cm.
700 10 - ASIENTO SECUNDARIO -- NOMBRE PERSONAL
Nombre personal Valencia, Sixto,
Mención de responsabilidad il.
942 ## - ADDED ENTRY ELEMENTS (KOHA)
Source of classification or shelving scheme Dewey Decimal Classification
Koha item type Libros
945 ## - INFORMACIÓN DE PROCESAMIENTO LOCAL
Información de procesamiento local Inventariado, 2018/ YL
956 ## - LOCAL ELECTRONIC LOCATION AND ACCESS (OCLC)
Nombre de host Brenda Tavárez
Existencias
Withdrawn status Lost status Source of classification or shelving scheme Damaged status Not for loan Collection code Home library Current library Date acquired Source of acquisition Total Checkouts Barcode Date last seen Price effective from Koha item type
    Dewey Decimal Classification     Colección Juvenil General Biblioteca Pública Metropolitana Salomé Ureña Biblioteca Pública Metropolitana Salomé Ureña 03/15/2016 Donación   BPMSU16030123 03/15/2016 03/15/2016 Libros